futbolistas portugueses con más partidos en La Liga - Estadísticas

Estadísticas generales
  • Esta prueba ha sido intentada 388 veces
  • La puntuación promedio es 5 de 10
Estadísticas de respuestas
Años en La Liga Club/ Clubes Partidos Jugador % Correcto
2009-2018 Real Madrid 292 Cristiano Ronaldo
100%
1995-2005 FC Barcelona/ Real Madrid 336 Figo
92%
2007-2017 Real Madrid 229 Pepe
86%
1987-1993/ 1997-1998 Atlético de Madrid 173 Futre
45%
2010-2017 Atlético de Madrid 175 Tiago
41%
2001-2002/ 2003-2017 Málaga CF/ Sevilla FC 343 Duda
31%
1999-2001/ 2007-2011/ 2012-2014 FC Barcelona/ Atlético de Madrid/ RCD Espanyol 219 Simao
25%
2008-2014 Málaga CF/ Real Zaragoza 173 Eliseu
16%
2005-2012 Valencia CF 174 Miguel
11%
2005-2013 RCD Mallorca 221 Nunes
8%
No se encontraron pruebas coincidentes
Distribución de puntuación
Porcentaje de gente con cada puntuación
Porcentaje por número respondido
Historial de tus puntuaciones
No has intentado esta prueba.